Pokémon - Capacités "Poing" - Statistiques

Statistiques générales
  • Ce quiz a été pris 183 fois
  • Le résultat moyen est 11 sur 20
Statistiques - réponses
Type de quiz Puissance Précision PP Capacité % Correct
Glace 75 100% 15 Poing Glace
97%
Électrik 75 100% 15 Poing Éclair
89%
Feu 75 100% 15 Poing de Feu
83%
Spectre 60 - 20 Poing Ombre
72%
Acier 40 100% 30 Pisto-Poing
70%
Combat 100 50% 5 Dynamopoing
69%
Acier 90 90% 10 Poing Météore
68%
Combat 150 100% 20 Mitra-Poing
67%
Combat 40 100% 30 Mach Punch
58%
Combat 40 100% 20 Poing Boost
53%
Normal 80 85% 20 Ultimapoing
53%
Combat 75 100% 10 Vampipoing
53%
Combat 100 90% 10 Marto-Poing
51%
Combat 50 100% 25 Poing Karaté
44%
Plante 60 100% 15 Poing Dard
43%
Normal 18 85% 15 Poing Comète
42%
Normal 70 100% 10 Uppercut
31%
Glace 100 90% 10 Marteau de Glace
29%
Acier 60 100% 5 Écrous d'Poing
22%
Combat 85 90% 15 Stratopercut
18%
Aucun quiz correspondant
Distribution des résultats
% des personnes avec chaque résultat
Percentile par nombre de réponses
Votre historique - résultats
Vous n’avez pas pris ce quiz